Techniques of Financial Analysis
Saved in:
| Main Author: | |
|---|---|
| Format: | Book |
| Language: | English |
| Published: |
Homewood
Irwin
1991
|
| Edition: | 7. ed. |
| Subjects: | |
| Tags: |
No Tags, Be the first to tag this record!
|
MARC
| LEADER | 00000nam a2200000 4500 | ||
|---|---|---|---|
| 001 | c000410 | ||
| 005 | 20221214102238.9 | ||
| 020 | |a 0-256-07926-9 | ||
| 041 | 0 | |a eng | |
| 044 | |a US | ||
| 245 | 1 | 0 | |a Techniques of Financial Analysis |c Erich A. Helfert |
| 250 | |a 7. ed. | ||
| 264 | 1 | |a Homewood |b Irwin |c 1991 | |
| 300 | |a 506 s. | ||
| 610 | 2 | 0 | |a analýza ekonomická |
| 610 | 2 | 0 | |a financie |
| 610 | 2 | 0 | |a podnikanie |
| 610 | 2 | 0 | |a fondy výrobné |
| 610 | 2 | 0 | |a výkonnosť |
| 610 | 2 | 0 | |a rozpočtovníctvo |
| 610 | 2 | 0 | |a investície |
| 610 | 2 | 0 | |a kapitál |
| 610 | 2 | 0 | |a rozhodovanie |
| 610 | 2 | 0 | |a akcie |
| 610 | 2 | 0 | |a náklady |
| 610 | 2 | 0 | |a oceňovanie ekonomické |
| 610 | 2 | 0 | |a hodnota |
| 610 | 2 | 0 | |a hodnota reprodukčná |
| 610 | 2 | 0 | |a kalkulácia |
| 100 | 1 | |a Helfert, Erich A. | |